000 00729cam a2200229 4500
001 ABS64510
008 011008n2001 000 0 eng u
035 _a(Sirsi) u115031
245 _aRegional survey: Shropshire & Staffordshire
260 _c2001
490 _aProperty Week
_v66(40) 5 October 2001, 81-90(6)
590 _aABS
650 _aSHROPSHIRE
650 _aSTAFFORDSHIRE
650 _aSTOKE-ON-TRENT
650 _aTELFORD
650 _aPROPERTY-COMMERCIAL PROPERTY-OFFICE PROPERTY-OFFICE PROPERTY MARKET
650 _aINDUSTRIAL MARKET
650 _aPROPERTY-COMMERCIAL PROPERTY-RETAIL PROPERTY-RETAIL PROPERTY MARKET
690 _aPROPERTY-COMMERCIAL PROPERTY-COMMERCIAL PROPERTY MARKET
942 _n0
999 _c68510
_d68510